• 首页
  • 本馆介绍
  • 公告通知
  • 最新文献
  • 馆藏检索
  • 电子资源
  • 读者导购
  • 参考咨询
  • 我的图书馆
  • 登录
  • 详细信息显示
  • 放入我的书架
  • 预约/预借图书
  • 作者相关作品
  • 分类相关作品
  • 丛书相关作品
  • 出版社相关作品

书目信息

  • 表格格式
  • 工作单格式
  • 卡片格式
题名:
农产品加工工艺学
    
 
作者: 秦文 主编
分册:  
出版信息: 北京   中国质检出版社  2014.08
页数: 276页
开本: 26cm
丛书名:
单 册:
中图分类: S37
科图分类:
主题词: 农产品加工--nong chan pin jia gong--工艺学--高等教育--教材
电子资源:
ISBN: 978-7-5026-4025-5
000 01008nam0 2200241 450
001 0106081738
005 20201106082042.0
010    @a978-7-5026-4025-5@dCNY39.00
100    @a20141016e20192014em y0chiy50 ea
101 0  @achi
102    @aCN@b110000
105    @ay z 000yy
106    @ar
200 1  @a农产品加工工艺学@Anong chan pin jia gong gong yi xue@f秦文主编
210    @a北京@c中国质检出版社@c中国标准出版社@d2014.08@h2019.02
215    @a276页@d26cm
300    @a“十二五”普通高等教育规划教材
330    @a本书以农产品加工的基本理论为主要线索,融粮油、果蔬产品的加工原理与技术于一体,系统介绍了粮食油脂产品加工技术、果蔬产品加工技术、副产物综合利用、产品质量控制等内容,全书共三部分十四章内容,包括大米、面制品、油脂、淀粉、小杂粮加工,果蔬干制、腌制、罐藏、发酵、冷加工、副产物综合利用等章节。
606 0  @a农产品加工@Anong chan pin jia gong@x工艺学@x高等教育@j教材
690    @aS37@v5
701  0 @a秦文@Aqin wen@4主编
801  0 @aCN@bBJSZM@c20201106
905    @b1190400-3@dS37@e68@f4
    
    农产品加工工艺学/秦文主编.-北京:中国质检出版社:中国标准出版社,2014.08(2019.02)
    276页;26cm
    “十二五”普通高等教育规划教材
    
    ISBN 978-7-5026-4025-5:CNY39.00
    本书以农产品加工的基本理论为主要线索,融粮油、果蔬产品的加工原理与技术于一体,系统介绍了粮食油脂产品加工技术、果蔬产品加工技术、副产物综合利用、产品质量控制等内容,全书共三部分十四章内容,包括大米、面制品、油脂、淀粉、小杂粮加工,果蔬干制、腌制、罐藏、发酵、冷加工、副产物综合利用等章节。
●
相关链接 在E读中查询图书 在五车中查询图书 在当当中查询图书 在豆瓣中查询图书


正题名:农产品加工工艺学     索取号:S37/68         预约/预借

序号 登录号 条形码 馆藏地/架位号 状态 备注
1 1190400   211904000   第二样本阅览室/ [索取号:S37/68] 在馆    
2 1190401   211904019   第三借阅区/ [索取号:S37/68] 在馆    
3 1190402   211904028   第三借阅区/ [索取号:S37/68] 在馆    
4 1190403   211904037   第三借阅区/ [索取号:S37/68] 在馆    
唐山师范学院图书馆 欢迎您!
大连网信软件有限公司© 版权所有